000 00333nam a22001457a 4500
003 OSt
005 20220223094709.0
008 220223b |||||||| |||| 00| 0 eng d
020 _a8183600271
040 _cHU
082 _a691.7
100 _aVaishwanar
_931222
245 _aAnalysis & Design Of Structures
942 _2ddc
_cBOOKS
_n0
999 _c31283
_d31283